| 000 | 01048nam a2200193 a 4500 | ||
|---|---|---|---|
| 001 | 33078 | ||
| 005 | 20180714000921.0 | ||
| 008 | 140415s2010 sp 000 0 spa d | ||
| 020 | _a9789688533765 | ||
| 041 | _aspa | ||
| 082 |
_a658.4094 _bCOV |
||
| 100 | 1 | _aCOVERY, FRANKLIN | |
| 245 | 1 | 4 |
_aLOS 7 HABITOS DE LA GENTE ALTAMENTE EFECTIVA : _bLECCIONES MAGISTRALES SOBRE EL CAMBIO PERSONAL. |
| 250 | _a1a ed. | ||
| 260 |
_aESPAÑA : _bPAIDOS, _c2010. |
||
| 300 |
_a380 ; _c14 x 3 x 21. |
||
| 520 | _aDESDE 1991 EN LA LISTA SEMANAL DE LIBROS MÁS VENDIDOS DEL PUBLISHERS WEEKLY (Y A MENUDO ENCABEZÁNDOLA), ESTE INDISCUTIBLE BEST-SELLER SE MERECÍA UNA PUESTA AL DÍA, Y ESO ES LO QUE HA HECHO SU AUTOR CON ESTA NUEVA EDICIÓN: LA ESTRUCTURA GENERAL NO CAMBIA -HUBIERA RESULTADO ABSURDO, DADO SU ALTO GRADO DE EFECTIVIDAD-, SÓLO SE AMPLÍA, SE EXTIENDE HACIA NUEVOS TEMAS Y DETALLES QUE EL LECTOR SIN DUDA AGRADECERÁ. EL PUNTO DE PARTIDA GENERAL, PUES, SIGUE SIENDO EL MISMO: EL HECHO INELUDIBLE D | ||
| 650 | 1 | 4 | _aADMINISTRACION |
| 999 |
_c33078 _d33078 |
||